Normal view MARC view
  • Landow, George P.

Entry Nombre Personal

Number of records used in: 1

001 - NUMERO DE CONTROL

  • campo de control: 48904

003 - IDENTIFICADOR DE NUMERO DE CONTROL

  • campo de control: UPN

005 - FECHA Y HORA DE LA ÜLTIMA TRANSACCIÓN

  • campo de control: 20230512143156.0

008 - DATOS DE LONGITUD FIJA

  • campo de control de longitud fija: 230512|| acn||aabn | a|a d

024 7# - OTROS IDENTIFICADORES NORMALIZADOS

  • Fuente: orcid
  • Número normalizado o código: https://orcid.org/0000-0001-8270-9061

040 ## - FUENTE DE CATALOGACIÓN

  • Agencia original de catalogación: MX-MxUPN

100 ## - ENCABEZAMIENTO - NOMBRE PERSONAL

  • Nombre personal: Landow, George P.

370 ## - LUGAR ASOCIADO

  • Associated country: Estados Unidos

371 ## - DIRECCIÓN

  • Electronic mail address: George_Landow@brown.edu

372 ## - CAMPO DE ACTIVIDAD

  • Field of activity: Literatura, Historia del Arte, Lenguaje

373 ## - GRUPO ASOCIADO

  • Associated group: Brown University.

374 ## - OCUPACIÓN

  • Occupation: Profesor - investigador universitario

670 ## - FUENTE EN LA QUE SE LOCALIZARON DATOS

  • Cita de la fuente: En sitio web: Brown University
  • Información localizada: (George Landow)
  • Uniform Resource Identifier: https://vivo.brown.edu/display/glandow

680 ## - NOTA PUBLICA DE ACCESO PÚBLICO

  • Frase explicativa de la referencia: Professor Emeritus of English and History of Art.

902 ## - CATALOGADOR

  • Catalogador: Leonor Sotres/120523